غيمتوف / (رقم التسجيلة. 247258)

تفاصيل مارك
000 -الفاتح
عناصر البيانات ثابتة الطول 00776nam a22002417i 4500
005 - تاريخ ووقت آخر معاملة
حقل ضبط 20251117094041.0
008 - عناصر البيانات ثابتة الطول
عناصر البيانات ثابتة الطول 250906s2025 ts a|||cr|||| 00| j ara d
020 ## - الترقيم الدولي المعياري للكتب (ردمك)
الترقيم الدولي المعياري للكتب (ردمك) 9789948735335
040 ## - مصدر الفهرسة
هيئة الفهرسة الأصلية JO-AmGAM
قواعد الوصف rda
082 14 - رقم تصنيف ديوي العشري
رقم التصنيف ق
رقم المادة ن ا ص
100 1# - مدخل رئيسي – اسم شخصي
الاسم الشخصي ناصر، أمل
علاقة الشخص بالعمل/ دوره مؤلف.
245 10 - بيان العنوان
العنوان غيمتوف /
بيان المسؤولية نص أمل ناصر ؛ رسوم مريم لاشين.
250 ## - بيان الطبعة
بيان الطبعة الطبعة الأولى.
264 31 - بيانات النشر، التوزيع…إلخ
مكان النشر، التوزيع...إلخ الشارقة :
اسم الناشر، الموزع...إلخ دار شمس للنشر،
تاريخ النشر، التوزيع...إلخ 2025.
300 ## - الوصف المادي
عدد الوحدات المكونة للوعاء 37 صفحة.
336 ## - نوع المحتوى
المصدر rdacontent
مصطلح نوع المحتوى نص
كود نوع المحتوى txt
337 ## - نوع الوسيط
المصدر rdamedia
مصطلح نوع الوسيط دون وسيط عرض
كود نوع الوسيط n
338 ## - نوع الحامل
المصدر rdacarrier
مصطلح نوع الحامل مجلد
كود نوع الحامل nc
650 ## - مدخل إضافي بالموضوع - مصطلح موضوعي
مصطلح موضوعي أو اسم جغرافي كعنصر مدخل القصص القصيرة.
700 1# - مدخل إضافي - اسم شخصي
الاسم الشخصي لاشين، مريم
علاقة الشخص بالعمل/ دوره رسام.
942 ## - بيانات إضافية (كوها)
نوع التنصيف Dewey Decimal Classification
نوع المادة (كوها) كتب
المقتنيات
حالة السحب حالة الفقدان مصدر التصنيف حالة التلف غير قابل للإعارة المكتبة الرئيسية المكتبة الحالية موقع الرف تاريخ التزويد مصدر التزويد العملة التكلفة، سعر الشراء العادي الرقم المتسلسل Total Checkouts رقم الإستدعاء الباركود تاريخ آخر ظهور التكلفة وسعر الاستبدال تاريخ الفاتورة نوع المادة (كوها)
    Dewey Decimal Classification     مكتبة مرج الحمام مكتبة مرج الحمام الأطفال 16/11/2025 40 JOD 10.50 1798237   ط / ق / ن ا ص PLD00519197 16/11/2025 14.00 16/11/2025 كتب
Implemented & Customized by: BBB with SCIT (Smart Chains for Information Technology)

Powered by Koha